01258cam a2200337 i 450000100090000000300090000900500170001800800410003502000430007604000380011908200210015710000420017824500580022025000200027826400630029826400100036130000460037133600260041733700280044333800270047149000370049850400520053565000370058765000350062465300360065965500170069570000370071294200120074999900170076195201420077815012474EG-ScBUE20241217101539.0070919t2008 njua f b 001 0 eng d a9780691130279 (paper : acidfree paper) aDLCbengerdacDLCdDLCdEG-ScBUE04a523.112222bBIN1 aBinney, James,d1950-eauthor.93901710aGalactic dynamics /cJames Binney and Scott Tremaine. aSecond edition. 1aPrinceton ;aOxford :bPrinceton University Press,c[2008] 4cc2008 axvi, 885 pages :billustrations ;c24 cm. 2rdacontentatextbtxt 2rdamediaaunmediatedbn 2rdacarrieravolumebnc0 aPrinceton series in astrophysics aIncludes bibliographical references and index.  7aGalactic dynamics.2BUEsh939018 7aStarsxClusters.2BUEsh939019 bENGGENcAugust2015cJanuary2016 vReading book1 aTremaine, Scott,d1950-eauthor. 2ddccBB c20469d20441 00102ddc40708BaccahaMAINbMAINc1STd2015-08-05ePurchaseg612.00h21782l0o523.112 BINp000039022r2025-07-15 00:00:00v765.00yBB